| 000 -LEADER |
| fixed length control field |
00398pab a2200145 454500 |
| 008 - FIXED-LENGTH DATA ELEMENTS--GENERAL INFORMATION |
| fixed length control field |
180718b1984 xxu||||| |||| 00| 0 eng d |
| 100 ## - MAIN ENTRY--PERSONAL NAME |
| Personal name |
Moshi, H.P.B. |
| 245 ## - TITLE STATEMENT |
| Title |
Adequacy of control in Tanzania's public enterprises |
| 260 ## - PUBLICATION, DISTRIBUTION, ETC. |
| Date of publication, distribution, etc. |
1984 |
| 300 ## - PHYSICAL DESCRIPTION |
| Extent |
43-50 |
| 362 ## - DATES OF PUBLICATION AND/OR SEQUENTIAL DESIGNATION |
| Dates of publication and/or sequential designation |
Oct.-Dec. |
| 650 ## - SUBJECT ADDED ENTRY--TOPICAL TERM |
| Topical term or geographic name entry element |
Government Enterprise - Tanzania |
| 773 ## - HOST ITEM ENTRY |
| Main entry heading |
Institute of Public Enterprise Journal |
| 909 ## - |
| -- |
9373 |